| 000 | 00341nam a22001217a 4500 | ||
|---|---|---|---|
| 008 | 230606b xxu||||| |||| 00| 0 eng d | ||
| 082 |
_a362.196 _bIPU |
||
| 110 | _bUN Development programme | ||
| 245 |
_aTaking Action Against HIV _bA handbook for parliamentarians |
||
| 260 |
_bUN Development programme _c2007 |
||
| 300 | _a251p | ||
| 942 |
_2ddc _cBK |
||
| 999 |
_c648 _d648 |
||